|
|
|
|
| LEADER |
01871nam a2200565 a 4500 |
| 001 |
nkc20081814323 |
| 003 |
CZ PrNK |
| 005 |
20081016152750.0 |
| 007 |
ta |
| 008 |
080808s2008 xr d f 000 0 cze |
| 015 |
|
|
|a cnb001814323
|
| 020 |
|
|
|a 978-80-253-0607-9
|q (brož.)
|
| 035 |
|
|
|a (OCoLC)244816658
|
| 040 |
|
|
|a ABA001
|b cze
|
| 041 |
0 |
|
|a cze
|a eng
|
| 072 |
|
7 |
|a 811.111
|x Angličtina
|2 Konspekt
|9 11
|
| 080 |
|
|
|a 811.111
|2 MRF
|
| 080 |
|
|
|a 81'36
|2 MRF
|
| 080 |
|
|
|a 81'373
|2 MRF
|
| 080 |
|
|
|a 373.5.016
|2 MRF
|
| 080 |
|
|
|a 908(100=111)
|2 MRF
|
| 080 |
|
|
|a (035)
|2 MRF
|
| 080 |
|
|
|a (048.8)
|2 MRF
|
| 100 |
1 |
|
|a Dostálová, Iva,
|d 1964-
|7 mzk2005300601
|4 aut
|
| 245 |
1 |
0 |
|a Angličtina /
|c Iva Dostálová, James Branam
|
| 250 |
|
|
|a 1. vyd.
|
| 260 |
|
|
|a Praha :
|b Fragment,
|c 2008
|
| 300 |
|
|
|a 204 s. ;
|c 13 cm
|
| 490 |
1 |
|
|a Minikostka pro SŠ : středoškolské učivo stručně a přehledně
|
| 650 |
0 |
7 |
|a angličtina
|7 ph114056
|2 czenas
|
| 650 |
0 |
7 |
|a mluvnice
|7 ph115331
|2 czenas
|
| 650 |
0 |
7 |
|a slovní zásoba
|7 ph166083
|2 czenas
|
| 650 |
0 |
7 |
|a učivo středních škol
|7 ph136702
|2 czenas
|
| 650 |
0 |
9 |
|a English language
|2 eczenas
|
| 650 |
0 |
9 |
|a grammar
|2 eczenas
|
| 650 |
0 |
9 |
|a vocabulary
|2 eczenas
|
| 650 |
0 |
9 |
|a secondary school curriculum
|2 eczenas
|
| 651 |
|
7 |
|a anglicky mluvící země
|7 ge118431
|x reálie
|2 czenas
|
| 651 |
|
9 |
|a English-speaking countries
|x history and geography
|2 eczenas
|
| 655 |
|
7 |
|a příručky
|7 fd133209
|2 czenas
|
| 655 |
|
7 |
|a přehledy
|7 fd133202
|2 czenas
|
| 655 |
|
9 |
|a handbooks and manuals
|2 eczenas
|
| 655 |
|
9 |
|a surveys
|2 eczenas
|
| 700 |
1 |
|
|a Branam, James,
|d 1963-
|7 xx0011102
|4 aut
|
| 830 |
|
0 |
|a Minikostka pro SŠ
|0 s
|
| 910 |
2 |
|
|a BOA001
|b S-1209.205
|
| 990 |
|
|
|a BK
|
| 995 |
|
|
|a 01
|
| 991 |
|
|
|b 200808
|c NOV
|
| 996 |
6 |
|
|b 2610350661
|c S-1209.205
|l MZK
|r Sklad / do 24 hodin
|n 0
|p p.v.
|w 001071413
|u 000010
|a 1
|e BOA001
|j MZK50
|s P
|